[Event "Gideon Japhet ACP Open 2018"]
[Site "Jerusalem"]
[Date "2018.07.05"]
[Round "6"]
[White "Baron, Tal"]
[Black "Yuffa, Daniil"]
[Result "1/2-1/2"]
[WhiteElo "2530"]
[BlackElo "2577"]
[Annotator "ChessBase"]
[PlyCount "152"]
[EventDate "2018.07.01"]
[EventType "swiss"]
[EventCountry "ISR"]
[SourceTitle "playchess.com"]
[Source "ChessBase"]
[SourceQuality "1"]
[TimeControl "40/5400+30:1800+30"]

1. d4 {[%emt 0:00:00]} Nf6 {[%emt 0:00:50]} 2. c4 {[%emt 0:00:00]} g6 {[%emt 0:00:08]} 3. Nc3 {[%emt 0:00:00]} Bg7 {[%emt 0:00:32]} 4. e4 {[%emt 0:00:00]} d6 {[%emt 0:00:04]} 5. f3 {[%emt 0:00:00]} O-O {[%emt 0:00:03]} 6. Be3 {[%emt 0:00:00]} c5 {[%emt 0:00:03]} 7. Nge2 {[%emt 0:00:01]} Nc6 {[%emt 0:00:04]} 8. d5 {[%emt 0:00:06]} Ne5 {[%emt 0:00:04]} 9. Ng3 {[%emt 0:00:09]} h5 {[%emt 0:00:37]} 10. Be2 {[%emt 0:00:07]} h4 {[%emt 0:00:11]} 11. Nf1 {[%emt 0:00:03]} e6 {[%emt 0:00:10]} 12. Bg5 {[%emt 0:00:15]} h3 {[%emt 0:00:21]} 13. gxh3 {[%emt 0:00:16]} exd5 {[%emt 0:00:32]} 14. Nxd5 {[%emt 0:00:09]} Bxh3 {[%emt 0:07:03]} 15. Rg1 {[%emt 0:00:51]} Bxf1 {[%emt 0:03:36]} 16. Rxf1 {[%emt 0:10:43]} a6 {[%emt 0:18:12]} 17. f4 {[%emt 0:14:17]} Nc6 {[%emt 0:00:56]} 18. a3 {[%emt 0:00:28]} Nd4 {[%emt 0:04:07]} 19. Qd3 {[%emt 0:06:26]} b5 {[%emt 0:03:22]} 20. O-O-O {[%emt 0:10:37]} bxc4 {[%emt 0:03:53]} 21. Qxc4 {[%emt 0:03:43]} Rb8 {[%emt 0:05:49]} 22. Bd3 {[%emt 0:04:06]} Nb3+ {[%emt 0:08:46]} 23. Kb1 {[%emt 0:01:15]} Na5 {[%emt 0:01:12]} 24. Qc1 {[%emt 0:08:38]} Nb3 {[%emt 0:00:30]} 25. Qc2 {[%emt 0:03:08]} Nd4 {[%emt 0:01:18]} 26. Qc4 {[%emt 0:05:55]} Nb5 {[%emt 0:09:56]} 27. Kc1 {[%emt 0:02:37]} Nxd5 {[%emt 0:14:08]} 28. Bxd8 {[%emt 0:00:07]} Ne3 {[%emt 0:00:06]} 29. Bh4 {[%emt 0:03:12]} Nxc4 {[%emt 0:00:46]} 30. Bxc4 {[%emt 0:00:02]} Rb6 {[%emt 0:07:08]} 31. Rg1 {[%emt 0:04:28]} Nd4 {[%emt 0:03:22]} 32. Rg2 {[%emt 0:02:12]} Rfb8 {[%emt 0:01:01]} 33. Rd3 {[%emt 0:02:30]} Kf8 {[%emt 0:00:15]} 34. Rf2 {[%emt 0:01:23]} Nb3+ {[%emt 0:01:12]} 35. Kd1 {[%emt 0:04:39]} Bd4 {[%emt 0:02:06]} 36. Rc2 {[%emt 0:03:46]} Na1 {[%emt 0:01:02]} 37. Rc1 {[%emt 0:00:36]} Bxb2 {[%emt 0:03:28]} 38. Rb1 {[%emt 0:00:02]} Bd4 {[%emt 0:00:08]} 39. Rxb6 {[%emt 0:00:07]} Rxb6 {[%emt 0:00:05]} 40. Kc1 {[%emt 0:00:21]} Bb2+ {[%emt 0:01:11]} 41. Kd1 {[%emt 0:31:23]} Bd4 {[%emt 0:30:20]} 42. Ba2 {[%emt 0:02:42]} a5 {[%emt 0:01:43]} 43. Bd8 {[%emt 0:03:32]} Rb2 {[%emt 0:00:25]} 44. Rd2 {[%emt 0:00:23]} a4 {[%emt 0:00:00]} 45. Rxb2 {[%emt 0:00:00]} Bxb2 {[%emt 0:00:00]} 46. Bc4 {[%emt 0:00:00]} Bxa3 {[%emt 0:00:00]} 47. Bf6 {[%emt 0:00:00]} Nb3 {[%emt 0:00:00]} 48. Bb5 {[%emt 0:00:00]} c4 {[%emt 0:00:00]} 49. Bxa4 {[%emt 0:00:00]} Nc5 {[%emt 0:00:00]} 50. Bc2 {[%emt 0:00:00]} Ne6 {[%emt 0:00:00]} 51. f5 {[%emt 0:00:00]} gxf5 {[%emt 0:00:00]} 52. exf5 {[%emt 0:00:00]} Nf4 {[%emt 0:00:00]} 53. Bg5 {[%emt 0:00:00]} Nd5 {[%emt 0:00:00]} 54. Kd2 {[%emt 0:00:00]} Bb4+ {[%emt 0:00:00]} 55. Ke2 {[%emt 0:00:00]} Bc3 {[%emt 0:00:00]} 56. Bc1 {[%emt 0:00:00]} Be5 {[%emt 0:00:00]} 57. h4 {[%emt 0:00:00]} Nc3+ {[%emt 0:00:00]} 58. Kf3 {[%emt 0:00:00]} Kg7 {[%emt 0:00:00]} 59. h5 {[%emt 0:00:00]} Nb5 {[%emt 0:00:00]} 60. Ke4 {[%emt 0:00:00]} Nc3+ {[%emt 0:00:00]} 61. Kf3 {[%emt 0:00:00]} Nd5 {[%emt 0:00:00]} 62. Ba4 {[%emt 0:00:00]} Ne7 {[%emt 0:00:00]} 63. Kg4 {[%emt 0:02:02]} d5 {[%emt 0:00:00]} 64. h6+ {[%emt 0:00:32]} Kg8 {[%emt 0:03:20]} 65. Ba3 {[%emt 0:01:47]} Nc8 {[%emt 0:01:07]} 66. Be8 {[%emt 0:00:40]} c3 {[%emt 0:01:05]} 67. h7+ {[%emt 0:00:29]} Kxh7 {[%emt 0:00:07]} 68. Bxf7 {[%emt 0:00:04]} Nb6 {[%emt 0:00:21]} 69. Kf3 {[%emt 0:02:24]} c2 {[%emt 0:01:57]} 70. Bc1 {[%emt 0:00:38]} Kg7 {[%emt 0:00:21]} 71. Be6 {[%emt 0:01:01]} Kf6 {[%emt 0:00:12]} 72. Ke2 {[%emt 0:00:23]} Na4 {[%emt 0:00:06]} 73. Kd2 {[%emt 0:00:32]} Bf4+ {[%emt 0:00:13]} 74. Kxc2 {[%emt 0:00:03]} Bxc1 {[%emt 0:00:09]} 75. Kxc1 {[%emt 0:00:08]} Nc5 {[%emt 0:00:07]} 76. Bxd5 {[%emt 0:00:04]} Kxf5 {[%emt 0:00:03]} 1/2-1/2

[Event "Gideon Japhet ACP Open 2018"]
[Site "Jerusalem"]
[Date "2018.07.05"]
[Round "6"]
[White "Steinberg, Nitzan"]
[Black "Birnboim, Nathan"]
[Result "1-0"]
[WhiteElo "2521"]
[BlackElo "2353"]
[Annotator "ChessBase"]
[PlyCount "79"]
[EventDate "2018.07.01"]
[EventType "swiss"]
[EventCountry "ISR"]
[SourceTitle "playchess.com"]
[Source "ChessBase"]
[SourceQuality "1"]
[TimeControl "40/5400+30:1800+30"]

1. e4 {[%emt 0:00:00]} c5 {[%emt 0:00:00]} 2. Nf3 {[%emt 0:00:00]} Nc6 {[%emt 0:00:00]} 3. d4 {[%emt 0:00:00]} cxd4 {[%emt 0:00:00]} 4. Nxd4 {[%emt 0:00:00]} Nf6 {[%emt 0:00:00]} 5. Nc3 {[%emt 0:00:05]} e5 {[%emt 0:00:00]} 6. Ndb5 {[%emt 0:00:04]} d6 {[%emt 0:00:00]} 7. Nd5 {[%emt 0:00:05]} Nxd5 {[%emt 0:00:07]} 8. exd5 {[%emt 0:00:04]} Ne7 {[%emt 0:01:02]} 9. c4 {[%emt 0:01:53]} Ng6 {[%emt 0:00:55]} 10. Qa4 {[%emt 0:02:53]} Bd7 {[%emt 0:00:52]} 11. Qb4 {[%emt 0:00:12]} Qb8 {[%emt 0:01:51]} 12. h4 {[%emt 0:02:47]} a5 {[%emt 0:10:03]} 13. Qb3 {[%emt 0:03:06]} Be7 {[%emt 0:04:38]} 14. g3 {[%emt 0:19:12]} O-O {[%emt 0:06:08]} 15. h5 {[%emt 0:03:44]} Nh8 {[%emt 0:00:15]} 16. Be3 {[%emt 0:04:52]} f5 {[%emt 0:03:31]} 17. a4 {[%emt 0:03:21]} Nf7 {[%emt 0:00:46]} 18. f4 {[%emt 0:02:12]} Kh8 {[%emt 0:07:39]} 19. O-O-O {[%emt 0:01:17]} Bf6 {[%emt 0:11:50]} 20. Kb1 {[%emt 0:00:42]} Nh6 {[%emt 0:00:47]} 21. Be2 {[%emt 0:05:36]} Ng4 {[%emt 0:01:01]} 22. Bxg4 {[%emt 0:03:04]} fxg4 {[%emt 0:00:02]} 23. h6 {[%emt 0:01:57]} g6 {[%emt 0:00:29]} 24. Rhe1 {[%emt 0:02:44]} Bxb5 {[%emt 0:03:09]} 25. Qxb5 {[%emt 0:01:36]} Qc8 {[%emt 0:00:20]} 26. c5 {[%emt 0:04:35]} exf4 {[%emt 0:07:04]} 27. Bxf4 {[%emt 0:02:34]} Qxc5 {[%emt 0:09:49]} 28. Qxc5 {[%emt 0:00:09]} dxc5 {[%emt 0:00:05]} 29. d6 {[%emt 0:05:16]} g5 {[%emt 0:03:10]} 30. Be5 {[%emt 0:00:39]} Kg8 {[%emt 0:00:17]} 31. d7 {[%emt 0:03:35]} Bxe5 {[%emt 0:09:44]} 32. Rxe5 {[%emt 0:00:04]} Rad8 {[%emt 0:09:25]} 33. Rxg5+ {[%emt 0:00:17]} Kf7 {[%emt 0:02:37]} 34. Rg7+ {[%emt 0:00:37]} Ke6 {[%emt 0:04:26]} 35. Rxh7 {[%emt 0:00:20]} Rf6 {[%emt 0:01:18]} 36. Re1+ {[%emt 0:00:45]} Kd6 {[%emt 0:00:03]} 37. Re8 {[%emt 0:01:35]} Kc7 {[%emt 0:00:26]} 38. Rxd8 {[%emt 0:00:40]} Kxd8 {[%emt 0:00:06]} 39. Rh8+ {[%emt 0:00:32]} Kxd7 {[%emt 0:01:31]} 40. h7 1-0

[Event "Gideon Japhet ACP Open 2018"]
[Site "Jerusalem"]
[Date "2018.07.05"]
[Round "6"]
[White "Zanan, Evgeny"]
[Black "Naiditsch, Arkadij"]
[Result "1/2-1/2"]
[WhiteElo "2497"]
[BlackElo "2697"]
[Annotator "TA"]
[PlyCount "92"]
[EventDate "2018.07.01"]
[EventType "swiss"]
[EventCountry "ISR"]
[SourceTitle "playchess.com"]
[Source "ChessBase"]
[SourceQuality "1"]

{[%evp 16,92,16,5,47,56,48,0,10,0,0,0,19,7,20,0,0,-22,-21,-24,-32,-23,-23,-35,-20,-18,-15,-20,-20,-22,-19,-19,-18,-22,-22,-23,0,0,0,-22,0,0,57,40,55,66,61,0,10,0,0,0,0,0,10,0,0,0,0,0,0,0,0,0,0,0,0,0,0,0,0,0,0,0,0,0,0,0,0]} 1. d4 Nf6 2. c4 e6 3. Nc3 Bb4 4. Qc2 d5 5. a3 Bxc3+ 6. Qxc3 O-O 7. Nf3 Nbd7 8. Bg5 {E36: Nimzo-Indian: Classical: 4...d5 5 a3} h6 9. Bh4 {LiveBook: 3 Games} dxc4 (9... c5 10. e3 cxd4 11. Qxd4 Re8 12. Bxf6 Nxf6 13. cxd5 Nxd5 14. Be2 Nf6 15. Qxd8 Rxd8 {½-½ (31) Giri,A (2793)-Anand,V (2762) Moscow 2016 CBM 172 [Sumets,A]}) 10. Qxc4 {White is slightly better.} b6 {[%cal Bb7b6,Bb6b5][%mdl 32]} 11. e3 $146 ({Predecessor:} 11. Rd1 c5 12. Ne5 b5 13. Qxb5 Rb8 14. Qa4 Rxb2 15. Nd3 {1-0 (44) Nylander,E (2491)-Strautins,U (2456) ICCF email 2009}) 11... c5 12. Be2 Bb7 13. O-O Bd5 14. Qa4 a6 15. Ne5 b5 16. Qc2 cxd4 17. Nxd7 Qxd7 18. Bxf6 gxf6 19. exd4 Rac8 20. Qd2 Kh7 21. Rac1 Rg8 22. f3 Qd6 23. Qe3 Rcd8 24. Rc3 Ba8 25. Rd1 Rg5 26. Bd3+ {[%cal Be2d3,Bd3c2,Bc2b3][%mdl 32]} f5 27. Rd2 Kg7 28. Bc2 Rh5 (28... Rg6 $11) 29. f4 $14 {[#] And now Bd1 would win.} Rh4 30. g3 Rg4 31. d5 (31. Bd1 $1 $14) 31... Bxd5 {The position is equal.} 32. Bb3 Rg6 33. Kf2 Kh7 34. Rc5 Rd7 35. Qd4 {[%cal Rb3d5]} Qb6 36. Bxd5 exd5 37. Rc8 {[%csl Gd4][%cal Rc8h8] [#]} Qxd4+ 38. Rxd4 $11 {[%mdl 4096] Endgame KRR-KRR} Rgd6 39. Rc5 Kg6 40. Kf3 Kf6 41. Kf2 Ke6 42. Ke2 Rb7 43. Kd2 Rb8 44. Kc3 h5 {[%cal Bh6h5,Bh5h4,Bh4g3][%mdl 32]} 45. Rd3 h4 46. Kd4 hxg3 {Precision: White = 67%, Black = 66%.} 1/2-1/2

[Event "Gideon Japhet ACP Open 2018"]
[Site "Jerusalem"]
[Date "2018.07.05"]
[Round "6"]
[White "Caspi, Israel"]
[Black "Sokolovsky, Yahli"]
[Result "1-0"]
[WhiteElo "2479"]
[BlackElo "2084"]
[Annotator "TA"]
[PlyCount "75"]
[EventDate "2018.07.01"]
[EventType "swiss"]
[EventCountry "ISR"]
[SourceTitle "playchess.com"]
[Source "ChessBase"]
[SourceQuality "1"]

{[%evp 26,75,31,23,21,0,14,33,48,39,59,32,90,40,91,97,98,104,103,81,97,95,79,72,142,143,147,137,152,116,158,123,127,87,221,203,233,238,425,445,504,470,743,719,988,951,1230,1256,29986,29987,29987,29988]} 1. e4 c5 2. Nf3 d6 3. d4 cxd4 4. Nxd4 Nf6 5. Nc3 a6 6. f3 e5 7. Nb3 Be6 8. Be3 Nbd7 9. Qd2 h5 10. Nd5 {B90: Sicilian Najdorf: Unusual White 6th moves, 6 Be3 Ng4 and 6 Be3 e5} Bxd5 11. exd5 g6 12. Be2 (12. O-O-O Nb6 13. Kb1 Nbxd5 14. Bg5 Be7 15. Bd3 Rc8 16. Rhe1 O-O {1-0 (57) Vidit,S (2707)-Korobov,A (2678) Poikovsky 2018}) 12... Bg7 13. O-O O-O 14. Rac1 {LiveBook: 3 Games} a5 $146 ({Predecessor:} 14... b6 15. h3 Re8 16. c4 a5 {½-½ (36) Sielaff,R (2441)-Amico,R (2371) ICCF email 2014}) 15. c4 b6 16. Na1 {[%cal Bb3a1,Ba1c2,Bc2a3,Ba3b5][%mdl 32]} Re8 17. Nc2 Nc5 18. h3 Ra7 ({Better is} 18... h4 $14) 19. Rfe1 Qa8 (19... Rb7 $14) 20. Na3 $16 Rae7 21. Nb5 Qd8 22. b3 {[%cal Bb2b3,Bb3b4][%mdl 32]} Kh7 23. Rb1 Ng8 24. a3 Bh6 (24... e4 $142) 25. b4 Na6 26. Nc3 Ra7 27. Bd3 Ra8 28. Qf2 Bxe3 29. Qxe3 Ne7 (29... f5 $16 {is a better defense.}) 30. f4 $18 {[%cal Bf3f4,Bf4f5][%mdl 32]} axb4 31. axb4 Ng8 $2 {[#]} (31... Nf5 32. Bxf5 gxf5) 32. f5 Nh6 33. Rf1 Kg7 (33... Qh4 $142 34. fxg6+ fxg6) 34. fxg6 Qh4 35. gxf7 Nxf7 36. Ne4 Rg8 {[#]} 37. Rxf7+ $1 {[%mdl 512]} Kxf7 38. Nxd6+ {Precision: White = 54%, Black = 24%.} 1-0

[Event "Gideon Japhet ACP Open 2018"]
[Site "Jerusalem"]
[Date "2018.07.05"]
[Round "6"]
[White "Ushenina, Anna"]
[Black "Kudischewitsch, David"]
[Result "1-0"]
[WhiteElo "2447"]
[BlackElo "2356"]
[Annotator "NA"]
[PlyCount "73"]
[EventDate "2018.07.01"]
[EventType "swiss"]
[EventCountry "ISR"]
[SourceTitle "playchess.com"]
[Source "ChessBase"]
[SourceQuality "1"]
[TimeControl "40/5400+30:1800+30"]

1. Nf3 {[%emt 0:00:24]} Nf6 {[%emt 0:00:00]} 2. g3 {[%emt 0:00:52]} d5 {[%emt 0:00:00]} 3. Bg2 {[%emt 0:00:23]} c6 {[%emt 0:00:00]} 4. O-O {[%emt 0:01:01]} Bf5 {[%emt 0:00:00]} 5. d3 {[%emt 0:00:41]} h6 {[%emt 0:00:00]} 6. c4 {[%emt 0:01:05]} e6 {[%emt 0:00:04]} 7. Nc3 {[%emt 0:00:42]} Be7 {[%emt 0:08:25]} 8. cxd5 {[%emt 0:01:06]} exd5 {[%emt 0:00:24]} 9. Nd4 {[%emt 0:03:17]} Bh7 {[%emt 0:00:20]} 10. e4 {[%emt 0:03:06]} dxe4 {[%emt 0:04:36]} 11. dxe4 {[%emt 0:00:15]} O-O {[%emt 0:00:15]} 12. Re1 {[%emt 0:08:56]} Na6 {[%emt 0:02:13]} 13. Be3 {[%emt 0:28:42]} Bc5 {[%emt 0:06:28]} 14. e5 {[%emt 0:06:29]} Nd7 {[%emt 0:01:29]} 15. f4 {[%emt 0:07:44]} Re8 {[%emt 0:05:20]} 16. a3 {[%emt 0:06:42]} Nb6 {[%emt 0:00:50]} 17. b4 {[%emt 0:01:43]} Bxd4 {[%emt 0:01:05]} 18. Bxd4 {[%emt 0:01:20]} Nc7 {[%emt 0:00:08]} 19. Bf2 {[%emt 0:02:54]} Qxd1 {[%emt 0:04:30]} 20. Rexd1 {[%emt 0:00:17]} Rad8 {[%emt 0:00:16]} 21. a4 {[%emt 0:01:32]} Nbd5 {[%emt 0:03:23]} 22. Nxd5 {[%emt 0:00:59]} Nxd5 {[%emt 0:00:08]} 23. Bxd5 {[%emt 0:06:41]} Rxd5 {[%emt 0:00:06]} 24. Rxd5 {[%emt 0:00:10]} cxd5 {[%emt 0:00:05]} 25. Bxa7 {[%emt 0:00:02]} Ra8 {[%emt 0:00:06]} 26. Bc5 {[%emt 0:00:45]} Bc2 {[%emt 0:00:30]} 27. a5 {[%emt 0:00:03]} Bd3 {[%emt 0:00:20]} 28. Kf2 {[%emt 0:00:14]} g6 {[%emt 0:00:40]} 29. Ke3 {[%emt 0:00:07]} Bc4 {[%emt 0:00:12]} 30. Kd4 {[%emt 0:00:45]} h5 {[%emt 0:00:11]} 31. h3 {[%emt 0:01:40]} Re8 {[%emt 0:00:19]} 32. Rb1 {[%emt 0:01:01]} Ra8 {[%emt 0:00:22]} 33. g4 {[%emt 0:05:37]} Kh7 {[%emt 0:00:48]} 34. Bb6 {[%emt 0:00:47]} Rc8 {[%emt 0:00:18]} 35. Bc5 {[%emt 0:03:37]} Ra8 {[%emt 0:00:49]} 36. f5 {[%emt 0:00:58]} Re8 {[%emt 0:00:30]} 37. b5 {[%emt 0:00:20]} 1-0

[Event "Gideon Japhet ACP Open 2018"]
[Site "Jerusalem"]
[Date "2018.07.05"]
[Round "6"]
[White "Erenberg, Ariel"]
[Black "Axelrod, Arie"]
[Result "0-1"]
[WhiteElo "2393"]
[BlackElo "2269"]
[Annotator "NA"]
[PlyCount "92"]
[EventDate "2018.07.01"]
[EventType "swiss"]
[EventCountry "ISR"]
[SourceTitle "playchess.com"]
[Source "ChessBase"]
[SourceQuality "1"]
[TimeControl "40/5400+30:1800+30"]

1. d4 {[%emt 0:00:00]} Nf6 {[%emt 0:00:00]} 2. c4 {[%emt 0:00:00]} e6 {[%emt 0:00:00]} 3. Nc3 {[%emt 0:01:12]} Bb4 {[%emt 0:00:37]} 4. f3 {[%emt 0:00:10]} O-O {[%emt 0:03:22]} 5. a3 {[%emt 0:02:23]} Bxc3+ {[%emt 0:00:57]} 6. bxc3 {[%emt 0:00:03]} b6 {[%emt 0:00:07]} 7. e4 {[%emt 0:00:25]} Ne8 {[%emt 0:01:35]} 8. Bd3 {[%emt 0:02:14]} Nc6 {[%emt 0:02:03]} 9. Nh3 {[%emt 0:00:11]} Ba6 {[%emt 0:01:26]} 10. O-O {[%emt 0:00:16]} Na5 {[%emt 0:00:31]} 11. Qe2 {[%emt 0:00:20]} Nb3 {[%emt 0:03:31]} 12. Rb1 {[%emt 0:04:00]} Nxc1 {[%emt 0:00:04]} 13. Rfxc1 {[%emt 0:00:16]} Qe7 {[%emt 0:04:58]} 14. e5 {[%emt 0:03:12]} f5 {[%emt 0:00:14]} 15. a4 {[%emt 0:04:48]} g6 {[%emt 0:05:24]} 16. a5 {[%emt 0:04:26]} Ng7 {[%emt 0:00:16]} 17. Nf2 {[%emt 0:20:47]} Rfb8 {[%emt 0:04:23]} 18. c5 {[%emt 0:01:17]} Bxd3 {[%emt 0:00:32]} 19. Nxd3 {[%emt 0:01:46]} b5 {[%emt 0:01:54]} 20. c6 {[%emt 0:13:06]} dxc6 {[%emt 0:04:23]} 21. f4 {[%emt 0:01:19]} Qd7 {[%emt 0:03:48]} 22. Nb4 {[%emt 0:05:16]} g5 {[%emt 0:14:24]} 23. Qf3 {[%emt 0:03:34]} c5 {[%emt 0:08:02]} 24. dxc5 {[%emt 0:01:45]} gxf4 {[%emt 0:00:42]} 25. Nc6 {[%emt 0:02:03]} Re8 {[%emt 0:01:59]} 26. Rd1 {[%emt 0:00:16]} Qf7 {[%emt 0:00:48]} 27. a6 {[%emt 0:02:38]} Kh8 {[%emt 0:02:35]} 28. Rxb5 {[%emt 0:02:56]} Rg8 {[%emt 0:00:13]} 29. Rb4 {[%emt 0:01:13]} Nh5 {[%emt 0:03:37]} 30. Rbd4 {[%emt 0:00:46]} Qg7 {[%emt 0:06:42]} 31. Nd8 {[%emt 0:04:16]} Rb8 {[%emt 0:05:55]} 32. Rd7 {[%emt 0:00:10]} Qg4 {[%emt 0:00:49]} 33. Nf7+ {[%emt 0:03:41]} Kg7 {[%emt 0:00:03]} 34. Rxc7 {[%emt 0:02:27]} Rb2 {[%emt 0:04:16]} 35. Qxg4+ {[%emt 0:07:44]} fxg4 {[%emt 0:00:03]} 36. Nd8+ {[%emt 0:00:40]} Kh6 {[%emt 0:03:29]} 37. Rcd7 {[%emt 0:01:27]} f3 {[%emt 0:01:28]} 38. g3 {[%emt 0:00:22]} Nf4 {[%emt 0:07:19]} 39. Nf7+ {[%emt 0:04:37]} Kh5 {[%emt 0:00:17]} 40. R7d2 {[%emt 0:01:18]} Nh3+ {[%emt 0:00:46]} 41. Kf1 {[%emt 0:30:24]} Rxd2 {[%emt 0:31:26]} 42. Rxd2 {[%emt 0:00:39]} Rb8 {[%emt 0:00:11]} 43. Rd1 {[%emt 0:00:07]} Rb2 {[%emt 0:00:57]} 44. c6 {[%emt 0:00:00]} Rg2 {[%emt 0:00:00]} 45. Ke1 {[%emt 0:00:00]} Rg1+ {[%emt 0:00:00]} 46. Kd2 {[%emt 0:00:00]} f2 {[%emt 0:00:00]} 0-1

[Event "Gideon Japhet ACP Open 2018"]
[Site "Jerusalem"]
[Date "2018.07.05"]
[Round "6"]
[White "Veinberg, Nimrod"]
[Black "Musyuk, Lior"]
[Result "1-0"]
[WhiteElo "2390"]
[BlackElo "2160"]
[Annotator "NA"]
[PlyCount "63"]
[EventDate "2018.07.01"]
[EventType "swiss"]
[EventCountry "ISR"]
[SourceTitle "playchess.com"]
[Source "ChessBase"]
[SourceQuality "1"]
[TimeControl "40/5400+30:1800+30"]

1. d4 {[%emt 0:00:00]} c5 {[%emt 0:00:00]} 2. d5 {[%emt 0:00:00]} e5 {[%emt 0:00:01]} 3. e4 {[%emt 0:00:20]} d6 {[%emt 0:00:13]} 4. Nf3 {[%emt 0:01:11]} a6 {[%emt 0:00:56]} 5. a4 {[%emt 0:00:21]} Ne7 {[%emt 0:00:57]} 6. Nc3 {[%emt 0:01:10]} g6 {[%emt 0:00:53]} 7. h4 {[%emt 0:02:05]} h5 {[%emt 0:01:02]} 8. Be2 {[%emt 0:01:18]} Bg7 {[%emt 0:01:17]} 9. Nd2 {[%emt 0:03:57]} Nd7 {[%emt 0:01:06]} 10. Nc4 {[%emt 0:00:37]} Nb6 {[%emt 0:00:30]} 11. Na3 {[%emt 0:00:36]} Bd7 {[%emt 0:00:42]} 12. a5 {[%emt 0:00:12]} Nbc8 {[%emt 0:00:03]} 13. Nc4 {[%emt 0:00:20]} Bb5 {[%emt 0:01:05]} 14. O-O {[%emt 0:04:42]} O-O {[%emt 0:01:53]} 15. Bg5 {[%emt 0:01:30]} f6 {[%emt 0:03:13]} 16. Bd2 {[%emt 0:00:03]} f5 {[%emt 0:01:23]} 17. exf5 {[%emt 0:14:29]} Nxf5 {[%emt 0:01:59]} 18. Bg5 {[%emt 0:01:55]} Bf6 {[%emt 0:12:13]} 19. Ne4 {[%emt 0:02:40]} Bxg5 {[%emt 0:19:15]} 20. Nxg5 {[%emt 0:08:52]} Nd4 {[%emt 0:01:22]} 21. b3 {[%emt 0:10:54]} Nxe2+ {[%emt 0:14:40]} 22. Qxe2 {[%emt 0:00:05]} Bd7 {[%emt 0:00:07]} 23. Qe3 {[%emt 0:04:42]} Bf5 {[%emt 0:08:25]} 24. f4 {[%emt 0:02:47]} exf4 {[%emt 0:04:12]} 25. Rxf4 {[%emt 0:00:41]} Re8 {[%emt 0:03:11]} 26. Qc3 {[%emt 0:07:10]} Qe7 {[%emt 0:04:17]} 27. Raf1 {[%emt 0:01:05]} Na7 {[%emt 0:06:27]} 28. Qg3 {[%emt 0:03:12]} Nb5 {[%emt 0:06:55]} 29. Rxf5 {[%emt 0:01:49]} gxf5 {[%emt 0:01:03]} 30. Ne6+ {[%emt 0:00:24]} Kh8 {[%emt 0:00:03]} 31. Rxf5 {[%emt 0:00:15]} Qh7 {[%emt 0:01:13]} 32. Rxh5 {[%emt 0:00:38]} 1-0

[Event "Gideon Japhet ACP Open 2018"]
[Site "Jerusalem"]
[Date "2018.07.05"]
[Round "6"]
[White "Zilberman, Yaacov"]
[Black "Gorodetzky, Matan"]
[Result "0-1"]
[WhiteElo "2374"]
[BlackElo "2060"]
[Annotator "NA"]
[PlyCount "102"]
[EventDate "2018.07.01"]
[EventType "swiss"]
[EventCountry "ISR"]
[SourceTitle "playchess.com"]
[Source "ChessBase"]
[SourceQuality "1"]
[TimeControl "40/5400+30:1800+30"]

1. d4 {[%emt 0:00:00]} e6 {[%emt 0:00:00]} 2. c4 {[%emt 0:00:00]} d5 {[%emt 0:00:00]} 3. Nf3 {[%emt 0:00:18]} c5 {[%emt 0:00:05]} 4. cxd5 {[%emt 0:00:40]} exd5 {[%emt 0:00:14]} 5. Nc3 {[%emt 0:00:07]} Nc6 {[%emt 0:00:04]} 6. Bf4 {[%emt 0:00:23]} Nf6 {[%emt 0:01:22]} 7. e3 {[%emt 0:00:28]} c4 {[%emt 0:03:01]} 8. Be2 {[%emt 0:00:38]} Bb4 {[%emt 0:00:25]} 9. O-O {[%emt 0:00:17]} O-O {[%emt 0:01:11]} 10. Ne5 {[%emt 0:01:07]} Bxc3 {[%emt 0:02:01]} 11. bxc3 {[%emt 0:00:08]} Ne4 {[%emt 0:00:05]} 12. Qc2 {[%emt 0:05:33]} Bf5 {[%emt 0:10:58]} 13. Qb2 {[%emt 0:02:48]} Qb6 {[%emt 0:09:01]} 14. Qa3 {[%emt 0:01:12]} Qa5 {[%emt 0:03:13]} 15. Qxa5 {[%emt 0:02:21]} Nxa5 {[%emt 0:00:02]} 16. Rac1 {[%emt 0:05:57]} g5 {[%emt 0:18:02]} 17. Bg3 {[%emt 0:02:47]} f6 {[%emt 0:01:00]} 18. Nf3 {[%emt 0:00:58]} Rae8 {[%emt 0:02:18]} 19. Rfd1 {[%emt 0:01:01]} Bg4 {[%emt 0:10:14]} 20. Bc7 {[%emt 0:02:03]} Nc6 {[%emt 0:01:19]} 21. h3 {[%emt 0:00:16]} Bh5 {[%emt 0:01:10]} 22. g4 {[%emt 0:00:45]} Bg6 {[%emt 0:00:36]} 23. Nd2 {[%emt 0:00:26]} Rf7 {[%emt 0:03:09]} 24. Nxe4 {[%emt 0:04:26]} Bxe4 {[%emt 0:00:17]} 25. Bg3 {[%emt 0:01:15]} b5 {[%emt 0:01:59]} 26. Rd2 {[%emt 0:00:55]} a5 {[%emt 0:02:43]} 27. Rb2 {[%emt 0:08:44]} Rb7 {[%emt 0:02:14]} 28. Bd1 {[%emt 0:09:29]} Ree7 {[%emt 0:03:41]} 29. Kf1 {[%emt 0:02:37]} b4 {[%emt 0:07:07]} 30. Ba4 {[%emt 0:03:13]} Na7 {[%emt 0:00:22]} 31. Bc2 {[%emt 0:10:28]} Bxc2 {[%emt 0:02:32]} 32. Rbxc2 {[%emt 0:02:10]} b3 {[%emt 0:06:48]} 33. Rb2 {[%emt 0:00:16]} Re6 {[%emt 0:00:30]} 34. a4 {[%emt 0:01:59]} Nc8 {[%emt 0:02:19]} 35. Ke2 {[%emt 0:01:37]} Nb6 {[%emt 0:00:35]} 36. Ra1 {[%emt 0:00:10]} h5 {[%emt 0:01:11]} 37. Rbb1 {[%emt 0:01:50]} h4 {[%emt 0:00:55]} 38. Bh2 {[%emt 0:00:06]} Nc8 {[%emt 0:01:11]} 39. Kd2 {[%emt 0:01:09]} Kf7 {[%emt 0:00:52]} 40. Kc1 {[%emt 0:02:52]} f5 {[%emt 0:02:35]} 41. gxf5 {[%emt 0:30:14]} Rf6 {[%emt 0:30:11]} 42. Kd2 {[%emt 0:00:39]} Rxf5 {[%emt 0:00:00]} 43. Ke2 {[%emt 0:00:00]} Ke6 {[%emt 0:00:00]} 44. Be5 {[%emt 0:00:00]} Rbf7 {[%emt 0:00:00]} 45. f4 {[%emt 0:00:00]} Nd6 {[%emt 0:00:00]} 46. Rg1 {[%emt 0:00:00]} Ne4 {[%emt 0:00:00]} 47. Rac1 {[%emt 0:00:00]} Rb7 {[%emt 0:00:00]} 48. fxg5 {[%emt 0:00:00]} b2 {[%emt 0:00:00]} 49. Rb1 {[%emt 0:00:00]} Nxc3+ {[%emt 0:00:00]} 50. Kd2 {[%emt 0:00:00]} Rf2+ {[%emt 0:00:00]} 51. Ke1 {[%emt 0:00:00]} Rc2 {[%emt 0:00:00]} 0-1